000
00348 a2200169 4500
001
183426
020
_a
850805276-6
040
_c
Magnum
100
_a
Rocha, Ruth
240
1
0
_a
Faz muito tempo
_l
por
245
1
0
_a
Faz muito tempo
300
_a
362
0
_a
1999
440
1
_a
Ática
697
_a
LITERATURA INFANTO-JUVENIL
942
_c
BK
999
_c
183426
_d
183426